| 000 | 00642nam a2200205 a 4500 | ||
|---|---|---|---|
| 001 | 12216 | ||
| 003 | CO-ViMGA | ||
| 008 | 141112s2004 ck r 000 u spa d | ||
| 020 | _a9688807702 | ||
| 040 |
_aCO-ViMGA _bspa _cCO-ViMGA |
||
| 082 | 0 | 4 | _a005.265 M15d |
| 100 | 1 |
_aManning, Michelle _917343 |
|
| 245 | 1 | 0 |
_aDelphi 2 : _bguia oficial de Borland |
| 260 |
_aMexico, _cPrentice Hall, _c1996 |
||
| 300 | _a386 p. | ||
| 590 | _aPrecio : 35.000 - - Fecha de adquisición : Ag. 23, 2000 | ||
| 650 | 1 | 4 |
_aBORLAND - LENGUAJES DE PROGRAMACION DE COMPUTADORES _917344 |
| 650 | 1 | 4 |
_aDELPHI 2 - PROGRAMAS PARA COMPUTADORES _917345 |
| 942 |
_2ddc _cBK |
||
| 999 |
_c23230 _d23230 |
||